00654nam a2200205Ia 4500003000400000005001700004008004100021020001800062040001800080041000800098082002300106100001500129245005800144250001200202260004400214300003000258650004000288650006000328650006000388OSt20241014132812.0210716s2009 xx 000 0 und d a9788131724439 cAIMIT LIBRARY aeng a005.1332 22bMAYJ aMayo, Joe. aC# 3.0: bwith the .net framework 3.5 /cBy Joe Mayo. a2nd ed. aNew Delhi :bPearson Education ;c2009. axxiv,1022p. ;bPBc24 cm. aCoding methods and custom operators aDeclaring attributes and examining code with reflection aParameterizing type with generics and writing iterators